1515 1182 1360 1514 1372 1602 1099 1822 1740 1379 1060 1229 1998 1508 1752 1124 1928 1039 1021 1285 1590 1824 1180 1543 1985 1760 1081 1095 1845 1817 1885 1864 1249 1100 1457 1663 1274 1735 1131 1374 1200 1160 1121 1360 1859 1563 1118 1556 1329 1638 1042 1832 1788 1770 1845 1034 1277 1326 1450 1364 1863 1051 1353 1348 1263 1468 1287 1622 1867 1995 1536 1757 1224 1211 1768 1984 1503 1611 1643 1538 1946 1212 1305 1309 1226 1884 1333 1575 1723 1233 1361 1120 1252 1720 1691 1801 1263 1871 1848 BCNSPRNW ULIB Ver.6.0+V

เปลี่ยนเป็นภาษาไทย

Change to English
 แสดงรายละเอียดบรรณานุกรม
  กลับหน้าหลัก

Brief Record : Get Marc (ISO 2709) : E-mail record : QR code < ปิดหน้าต่าง
LEADER : 00000nam 2200000uu 4500
001    13399129126
003     ULIB
008    250717s2025||||th 000 0 tha d
020    ^a9780729544689
060 0  ^aWY160^bK549M
100 0  ^aKim Foster.
245 0  ^aMental health in nursing :^btheory and practice for clinical settings /^cKim Foster ... [et al.].
250    ^a6th ed.
260    ^aChatswood, NSW :^bElsevier,^c2025.
260    ^aNSW, Australia :^bElsevier Australia,^c2025
300    ^axiii, 417 p. :^bill. ;^c28 cm.
505 0  ^aPart 1: Positioning Practice -- Part 2: Knowledge for Practice -- Part 3: Contexts of Practice
650  0 ^aMental health services.
650  0 ^aMental Health.
650  0 ^aPsychiatric nursing.
945    ^p2014^l0^i011885
999    ^aประนอม เกษจรัล
รายการนี้ยังไม่มีแท็ก
คุณยังไม่ได้ล็อกอิน คุณสามารถมีกิจกรรมร่วมกับเว็บไซต์ได้ แต่ต้องล็อกอินก่อน ::
  ล็อกอิน

รายการสื่อสารสนเทศ

ลำดับที่ ประเภท เลขเรียก/บาร์โค้ด สถานที่ สถานะ
1. Book การพยาบาล
หนังสือสำรอง
สถานะ=หนังสือสำรอง
WY160 K549M ฉ.1 
  Barcode: 011885
ห้องสมุดวิทยาเขตสวรรค์ประชารักษ์
►หนังสือทั่วไป
บนชั้น

รายการใกล้เคียง
    หัวเรื่อง [Psychiatric nursing.]

BibComment


ยังไม่เคยถูกคอมเมนท์

คอมเมนท์ทรัพยากรรายการนี้
  คอมเมนท์: Mental health in..


 Copyright 2026. Bcnsprnw @Library